00980 2200265 4500001002100000005001500021035002000036090000600056020002200062100002500084650001900109245010300128264002300231008004100254082000800295084001700303250002500320260004400345300003100389700002800420520021600448990001800664990001600682990001600698INLIS00000000003431620230103094043 a0010-0619034316 08 a978-602-50674-2-60 aDian Nafiepengarang 4aKumpulan Kisah1 aLife miracle :bkisah-kisah inspiratif keajaiban dalam hidup /cDian Nafi; editor, Retno Adiastuti yalmahat Publishing230103 g 0 ind  a808 aSR 808 DIA l aCetakan Ketiga, 2022 aSemarang :bSyalmahat Publishing,c2022 avi, 156 halaman ;c18,5 cm0 aRetno Adiastutieeditor aBuku ini mengajak pembaca untuk berbagi pengalaman menarik terkait dengan keberuntungan-keberuntungan yang mungkin bisa menggugah teman-teman bahwa ada banyak keajaiban yang mungkin terjadi dalam kehidupan kita. a039074.036778 a51410.64230 a51411.64231